000 00859nam a2200253Ia 4500
003 OSt
005 20220923220719.0
006 a|||||r|||| 00| 0
007 ta
008 220922b |||||||| |||| 00| 0 hin d
024 _a189,529
037 _cTextual
040 _aARTS
_cARTS
_bhin
041 _2hin
_ahin
082 _aO152,2N273,AG, M1
100 _aसक्सेना, सर्वेश्वर दयाल
_9157127
245 0 _aअब गरीबी हटाओ
246 _aAb garībī haṭāo
260 _aनई दिल्ली
_b लिपि प्रकाशन
_c1981
300 _a64पृ.
_ccm.
650 _aहिन्दी साहित्य
_9156264
942 _hO152,2N273,AG, M1
_cTEXL
_2CC
999 _c342372
_d342372